000 01118nam a2200325 c 4500
999 _c380834
_d380834
003 BLK
005 20200810111155.0
008 200311b bul|||||r ||||||| ||bul||
040 _aBLK
041 _aBUL
_cBUL
080 _aБългарска литература
_b821.163.2
_x-32
_z821.163.2-32
100 1 _aМихайлов, Радослав
_eПърви автор
_9425663
139 _aМихайлов, Радослав Вангелов
245 1 0 _aСъд
_bПовест
_cРадослав Михайлов; Радослав Вангелов Михайлов.
257 _aBGR
260 _aСофия
_bНар. младеж
_c1967
300 _a200 с.
_c18 см
380 _aX
500 _a7 100 тир. 0,43 лв.
700 1 _aМихайлов, Радослав Вангелов
_9425664
852 _aЦб І 9554
_bЦб
942 _cKNG
_n0
_s1
944 _aCR
_c2020-08-10
_kМикаела Микова - Илиева
999 _d374323